| 000 | 00637nam a22001337a 4500 | ||
|---|---|---|---|
| 040 | _cRUA | ||
| 082 | _aFOR VA 2000 B127 Or.1 | ||
| 100 | _aVA SOPHEAK DARA | ||
| 245 | _aContribution of watershed classification in preah sihanouk ream national park, វិភាគទាននៃការរៀបចំចំណាត់ថ្នាក់ទីជំរាល នៅតំបន់ឧទ្យានជាតិព្រះសីហនុ "រាម'', | ||
| 260 |
_aPhnom Penh _bRUA _c2000 |
||
| 300 |
_a54p. _bill. _c29cm. |
||
| 856 | _uhttps://drive.google.com/file/d/1qFlXesnrfJzylFpzd_agKk6KuMsA33Jp/view?usp=sharing | ||
| 942 | _cFOR | ||
| 999 |
_c3215 _d3215 |
||